Online
Catalog

El exilio español en República dominicana 1939-1940 / (Record no. 51639)

MARC details
000 -CABECERA
campo de control de longitud fija 01571nam a2200325 a 4500
003 - IDENTIFICADOR DEL NÚMERO DE CONTROL
campo de control DO-SdBNP
005 - FECHA Y HORA DE LA ÚLTIMA TRANSACCIÓN
campo de control 20220505084850.0
007 - CAMPO FIJO DE DESCRIPCIÓN FÍSICA--INFORMACIÓN GENERAL
campo de control de longitud fija ta
008 - DATOS DE LONGITUD FIJA--INFORMACIÓN GENERAL
campo de control de longitud fija 220504e2019 dr aoc|| |||| 001 0dspa d
020 ## - NÚMERO INTERNACIONAL ESTÁNDAR DEL LIBRO
Número Internacional Estándar del Libro 9789945613292
040 ## - FUENTE DE LA CATALOGACIÓN
Centro catalogador/agencia de origen DO-SdBNP
Lengua de catalogación spa
Centro/agencia transcriptor BNPHU
082 #4 - NÚMERO DE LA CLASIFICACIÓN DECIMAL DEWEY
Número de edición 22
Número de documento/Ítem G643e
100 1# - ENTRADA PRINCIPAL--NOMBRE DE PERSONA
9 (RLIN) 55788
Nombre de persona González Tejera, Natalia
245 ## - MENCIÓN DE TÍTULO
Título El exilio español en República dominicana 1939-1940 /
Mención de responsabilidad, etc. Natalia González Tejera, Montserrat Prats García, Constancio Cassá Bernaldo de Quirós.
260 ## - PUBLICACIÓN, DISTRIBUCIÓN, ETC.
Lugar de publicación, distribución, etc. Santo Domingo :
Nombre del editor, distribuidor, etc. Búho,
Fecha de publicación, distribución, etc. 2019
300 ## - DESCRIPCIÓN FÍSICA
Extensión 138 p. :
Otras características físicas il., fotogr., retr. ;
Dimensiones 30 cm.
490 ## - MENCIÓN DE SERIE
Mención de serie Archivo General de la Nación;
Designación de volumen o secuencia 365
500 ## - NOTA GENERAL
Nota general Incluye datos biográficos de los autores en las solapas de las cubiertas.
504 ## - NOTA DE BIBLIOGRAFÍA, ETC.
Nota de bibliografía, etc. Bibliografía: p.137 - 138
505 0# - NOTA DE CONTENIDO CON FORMATO
Nota de contenido con formato Presentación.
Mención de responsabilidad Roberto Cassá.
505 4# - NOTA DE CONTENIDO CON FORMATO
Nota de contenido con formato Introducción.
Título I. La llegada.--
-- II. Fichas.--
-- III. Las colonias agrícolas de refugiados españoles.--
-- IV. Vida cultural y social.--
-- V. Vida política.--
-- VI. Visitantes distinguidos.--
-- VII. Arte.--
-- VIII. Familias.--
-- IX. Participación de los refugiados en la vida democrática dominicana.--
-- X. Bibliografía.
590 ## - NOTA LOCAL (RLIN)
Nota local Inventariado 2022 / MF
650 #4 - PUNTO DE ACCESO ADICIONAL DE MATERIA--TÉRMINO DE MATERIA
9 (RLIN) 13103
Término de materia o nombre geográfico como elemento de entrada Españoles
Subdivisión general Historia
Subdivisión geográfica República Dominicana
650 #4 - PUNTO DE ACCESO ADICIONAL DE MATERIA--TÉRMINO DE MATERIA
9 (RLIN) 69410
Término de materia o nombre geográfico como elemento de entrada Refugiados Políticos españoles
Subdivisión geográfica República Dominicana
700 1# - PUNTO DE ACCESO ADICIONAL--NOMBRE DE PERSONA
Nombre de persona Prats García, Montserrat
9 (RLIN) 81548
700 1# - PUNTO DE ACCESO ADICIONAL--NOMBRE DE PERSONA
9 (RLIN) 5204
Nombre de persona Cassá Bernaldo de Quirós, Constancio,
Fechas asociadas al nombre 1953-
830 ## - PUNTO DE ACCESO ADICIONAL DE SERIE-TÍTULO UNIFORME
Título uniforme Archivo General de la Nación;
Lenguaje de la obra spa
Número de parte o sección de la obra 365
9 (RLIN) 81547
910 ## - DATOS DE OPCIÓN DEL USUARIO (OCLC)
Datos de opción del usuario MFeliz
942 ## - ELEMENTOS DE PUNTO DE ACCESO ADICIONAL (KOHA)
Fuente del sistema de clasificación o colocación Dewey Decimal Classification
Tipo de ítem Koha Libro
Holdings
Estado de retiro Estado de pérdida Fuente del sistema de clasificación o colocación Restricciones de uso No para préstamo Código de colección Localización permanente Ubicación/localización actual Ubicación en estantería Fecha de adquisición Fuente de adquisición Total de préstamos Signatura topográfica completa Código de barras Fecha visto por última vez Precio válido a partir de Tipo de ítem Koha Número de copia
    Dewey Decimal Classification Excluido de préstamo   Patrimonio Dominicano Biblioteca Nacional Pedro Henríquez Ureña Biblioteca Nacional Pedro Henríquez Ureña Depósito 18.10.2019 Depósito legal / Editora Búho   G643e 2022-1784 04.05.2022 04.05.2022 Libro  
    Dewey Decimal Classification Excluido de préstamo   Patrimonio Dominicano Biblioteca Nacional Pedro Henríquez Ureña Biblioteca Nacional Pedro Henríquez Ureña Depósito 18.10.2019 Depósito legal / Editora Búho   G643e 2022-1786 05.05.2022 05.05.2022 Libro e.2
    Dewey Decimal Classification Préstamo en sala   Dominicana de Servicio Biblioteca Nacional Pedro Henríquez Ureña Biblioteca Nacional Pedro Henríquez Ureña Depósito 18.10.2019 Depósito legal / Editora Búho   G643e 2022-1787 05.05.2022 05.05.2022 Libro e.2

Powered by Koha